| 000 | 00459nam a2200169Ia 4500 | ||
|---|---|---|---|
| 001 | 59307 | ||
| 008 | 151106n ii |||gr||||Z||||||465 | ||
| 020 | _a978-81-7436-617-7 | ||
| 082 | _a364.1524 | ||
| 100 |
_aMalgonkar, _eManohar. |
||
| 245 | 0 |
_aThe Men Who Killed Gandhi _cManohar Malgonkar _hTextual Documents |
|
| 260 |
_aNew Delhi: _bRoli Books. |
||
| 300 |
_a354p: _c22cm. |
||
| 653 | _aThe Men Who Killed Gandhi | ||
| 653 | _aG - Eco | ||
| 942 |
_2ddc _cBK |
||
| 999 |
_c59188 _d59188 |
||